| 000 | 00508nam a22001697a 4500 | ||
|---|---|---|---|
| 005 | 20231113135245.0 | ||
| 008 | 231113b |||||||| |||| 00| 0 eng d | ||
| 020 | _a0702117781 | ||
| 041 | _aEnglish | ||
| 082 | _a345 VAN | ||
| 100 |
_aVan der Berg, J _lEnglish |
||
| 245 |
_aBail: A Practitioner's Guide / _cJ Van der Berg |
||
| 260 |
_aCape Town : _bJuta and Company Ltd, _c1986 |
||
| 300 |
_bxix, 186 pages ; _c23 cm. |
||
| 650 |
_aLegal practice _bLaw |
||
| 942 |
_cBK _6ALISON_BN_VRIES |
||
| 999 |
_c578 _d578 |
||